| 000 | 01152nam a22003257a 4500 | ||
|---|---|---|---|
| 003 | CHAP | ||
| 005 | 20220817041559.0 | ||
| 008 | 971013s r 00010 d | ||
| 010 | _a18615 | ||
| 011 | _a19587 | ||
| 035 | _a23672 | ||
| 040 | _cCHAP | ||
| 082 |
_a338.1 _bA54 |
||
| 100 | 0 | 0 |
_aAlmada Breach, Hugo. _94467 |
| 245 | _aValoración agrícola. Compendio de costos valoraciones y avalúos-proyectos | ||
| 260 |
_a(Cd. Juárez, Chih., : _bEd. El Labrador), _c(s.a.) |
||
| 300 | _a232 p | ||
| 590 |
_aBATCH-UPD _b10 _c20130110 _lUCH01 _h1929 |
||
| 590 |
_aBATCH-UPD _b10 _c20130410 _lUCH01 _h1253 |
||
| 590 |
_aBATCH-UPD _b10 _c20130914 _lUCH01 _h2133 |
||
| 590 |
_aCONVERSION _b10 _c20130109 _lUCH01 _h1311 |
||
| 650 | 1 | 4 |
_aAgricultura _xAspectos económicos. |
| 650 | 1 | 4 |
_aAgricultura _xCostos. _91385 |
| 901 | _aBK | ||
| 942 | _cLIBRO | ||
| 949 |
_a338.1 A54 _bBC _cBPA _d-54955 _eBPA _h12186 _i23672 _mD _si |
||
| 949 |
_a338.1 A54 _bBC _cLIBRO _d-54958 _eLIBRO _fc.4 _h12189 _i23672 _mD _si |
||
| 949 |
_a338.1 A54 _bBC _cLIBRO _d33724000353058 _eLIBRO _fc.5 _h12190 _i23672 _mD _si |
||
| 949 |
_a338.1 A54 _bBC _cLIBRO _d33724000353066 _eLIBRO _fc.2 _h12187 _i23672 _si |
||
| 999 |
_c18615 _d18615 |
||